Normal view
MARC view
- E.C, Rhodes
Entry Personal Name
001 - CONTROL NUMBER
- control field: 39480
003 - CONTROL NUMBER IDENTIFIER
- control field: NUST
005 - DATE AND TIME OF LATEST TRANSACTION
- control field: 20210314131445.0
008 - FIXED-LENGTH DATA ELEMENTS
- fixed length control field: 210314|| aca||aabn | a|a d
040 ## - CATALOGING SOURCE
- Original cataloging agency: NUST
- Transcribing agency: NUST
100 ## - HEADING--PERSONAL NAME
- Personal name: E.C, Rhodes
670 ## - SOURCE DATA FOUND
- Source citation: Work cat.: (NUST): E.C, Rhodes, Elementary statistical methods, 1937
